Felix Urabayen (Record no. 7000)

MARC details
000 -LEADER
campo de control de longitud fija 00825nam a2200241 i 4500
001 - NÚMERO DE CONTROL
campo de control 7000
003 - IDENTIFICADOR DE NÚMERO DE CONTROL
campo de control ES-MaACL
005 - FECHA Y HORA DE LA ÚLTIMA TRANSACCIÓN
campo de control 20230906145134.0
007 - CAMPO FIJO DE DESCRIPCIÓN FÍSICA--INFORMACIÓN GENERAL
campo de control de longitud fija t|
008 - DATOS DE LONGITUD FIJA--INFORMACIÓN GENERAL
campo de control de longitud fija 900720s1988 sp ||||1| spa d
020 ## - NÚMERO INTERNACIONAL ESTÁNDAR DEL LIBRO
Número Internacional Estándar del Libro 84-404-3454-5
080 ## - NÚMERO DE LA CLASIFICACIÓN DECIMAL UNIVERSAL
Número de la Clasificación Decimal Universal 86(Urabayen,F.1.06)
100 1# - ENTRADA PRINCIPAL--NOMBRE DE PERSONA
Nombre de persona Fernández Delgado, Juan José.
9 (RLIN) 49738
245 10 - MENCIÓN DEL TÍTULO
Título Felix Urabayen
Resto del título : la narrativa de un escritor navarro-toledano /
Mención de responsabilidad, etc. [Juan Jose Fernandez Delgado].
260 ## - PUBLICACIÓN, DISTRIBUCIÓN, ETC.
Lugar de publicación, distribución, etc. Toledo :
Nombre del editor, distribuidor, etc. Caja de Ahorro,
Fecha de publicación, distribución, etc. D.L. 1988.
300 ## - DESCRIPCIÓN FÍSICA
Extensión 335 p. ;
Dimensiones 22 cm.
500 ## - NOTA GENERAL
Nota general Autor tomado de la cub.
500 ## - NOTA GENERAL
Nota general Ded. autogr. del autor.
600 04 - PUNTO DE ACCESO ADICIONAL DE MATERIA--NOMBRE DE PERSONA
Nombre de persona Urabayen, Félix,
Fechas asociadas al nombre 1883-1943-
Subdivisión general Crítica e interpretación
9 (RLIN) 112049
710 2# - ENTRADA AGREGADA--NOMBRE DE ENTIDAD CORPORATIVA
Nombre de entidad corporativa o nombre de jurisdicción como elemento de entrada Caja de Ahorro Provincial (Toledo)
9 (RLIN) 2279
852 ## - LOCALIZACIÓN
Ubicación ES-MaACL
Número de control de estantería L-14296
Sublocalización o colección R.116093
Nota libre . - rust.
Holdings
Estatus retirado Estado de pérdida Estado de daño No para préstamo Biblioteca de origen Biblioteca actual Ubicación en estantería Fecha de adquisición Fuente de adquisición Total de préstamos Signatura topográfica completa Código de barras Visto por última vez Precio de reemplazo Tipo de ítem Koha
        Biblioteca del Ateneo de Madrid Biblioteca del Ateneo de Madrid Depósito 2 17/01/2008     L-14296 1007137 23/02/2023 23/02/2023 Libro impreso